| 000 | 00509nam a22002177a 4500 | ||
|---|---|---|---|
| 003 | Nust | ||
| 005 | 20210922124803.0 | ||
| 008 | 170215b xxu||||| |||| 00| 0 eng d | ||
| 020 | _a 9780074517154 | ||
| 038 | _akhadija | ||
| 040 | _cC | ||
| 082 |
_a531.3822 _bKAZ |
||
| 100 |
_aKazimi, S.M.A. _943006 |
||
| 245 | _aSold Mechanics | ||
| 250 | _a1st rev ed | ||
| 260 |
_aNew Delhi : _bMcGraw-Hill, _c2014. |
||
| 300 |
_a448 p. ; _b24 cm. |
||
| 500 | _aPaperback. | ||
| 563 | _aP.B | ||
| 942 |
_cBK _2ddc |
||
| 999 |
_c33755 _d33755 |
||